| Tag |
First Indicator |
Second Indicator |
Subfields |
| LEADER |
00000cam a2200000 4500 |
| 001 |
in00000045302 |
| 005 |
20151007071203.0 |
| 008 |
721106s1957 enkabc 00000 eng u |
| 010 |
|
|
|a 58000230
|
| 035 |
|
|
|a (OCoLC)00486924
|
| 035 |
|
|
|9 AAE5488AM
|
| 040 |
|
|
|c KSU
|d TXA
|d UtOrBLW
|
| 049 |
|
|
|a TXAM
|c [289378]
|
| 050 |
|
0 |
|a QC801.3
|b .B7
|
| 092 |
|
|
|a 551
|b B862u
|
| 110 |
2 |
|
|a British National Committee for the International Geophysical Year.
|
| 245 |
1 |
4 |
|a The United Kingdom contribution to the International Geophysical Year, 1957-58.
|
| 264 |
|
1 |
|a London :
|b Royal Society,
|c [1957]
|
| 300 |
|
|
|a 72 pages :
|b group portrait, maps, diagram ;
|c 25 cm.
|
| 336 |
|
|
|a text
|b txt
|2 rdacontent
|
| 337 |
|
|
|a unmediated
|b n
|2 rdamedia
|
| 338 |
|
|
|a volume
|b nc
|2 rdacarrier
|
| 650 |
|
0 |
|a International Geophysical Year, 1957-1958.
|
| 710 |
2 |
|
|a Royal Society (Great Britain)
|
| 999 |
|
|
|a MARS
|
| 999 |
f |
f |
|s 6d0b951d-8957-365a-ae5c-ed6b49d5337f
|i e72c992c-479d-38a5-8402-dceef86be99e
|t 0
|
| 952 |
f |
f |
|p ric
|a Texas A&M University
|b Rellis Campus
|c Joint Library Facility
|d Remote Storage
|t 0
|e QC801.3 .B7
|h Library of Congress classification
|i unmediated -- volume
|m A14800949641
|
| 998 |
f |
f |
|a QC801.3 .B7
|t 0
|l Remote Storage
|